000
00310nam a22001337a 4500
008
170830b xxu||||| |||| 00| 0 eng d
020
_a
9780073302720
041
_a
eng
080
_2
8TH
_a
070
100
_a
39
101
_a
MED
245
_a
PUBLIC SPEAKING FOR COLLEGE & CAREER
_c
GREGORY,H
942
_2
udc
_c
BK
999
_c
25466
_d
25466